00746nam a2200217Ia 4500003000400000005001700004008004100021020001800062040000700080041000800087082002200095100003800117245006500155260003900220300001200259365001300271906007300284942001200357999001900369952014000388OSt20230329092750.0210423s2008 xx 000 0 und d a9780761936121 cAL aeng a303.48330954 SAIA aSAITH (Ashwani);others,Ed.979318 aICTs and Indian social change: diffusion poverty governance. aNew DelhibSage Publicationsc2008 a418bHB b750cINR achange: ; diffusion ; governance. ; ICTs ; Indian ; poverty ; social 2ddccBK c156325d156325 001040708MAJMCaSACPGbSACPGd2008-10-10eAthulya Booksg750.00l0o303.48330954 SAIApPG002799r2022-08-24 00:00:00w2021-04-26yBK